| 000 | 00888nam a2200181Ia 4500 | ||
|---|---|---|---|
| 003 | GCL | ||
| 008 | 140319s9999 xx 000 0 ara d | ||
| 040 |
_aGCL / _cGCL |
||
| 082 | 0 | 4 |
_a327.56055 _bع ع |
| 100 | 1 | _aعبدالعزيز الدوري | |
| 245 | 1 | 0 |
_aالعلاقات العربية - الايرانية : الاتجاهات الراهنة وافاق المستقبل : بحوث ومناقشات الندوة الفكرية التى نظمها مركز دراسات الوحدة العربية بالتعاون مع جامعة قطر / _cعبدالعزيز الدوري |
| 300 | _a1006 ص | ||
| 490 |
_aالهيئة العامة للاستعلامات _v0 |
||
| 650 | 0 | 4 | _aالعلاقات الدولية |
| 650 | 0 | 4 | _aالبلدان العربية - العلاقات الخارجية - ايران |
| 650 | 0 | 4 | _aالعلاقات العربية - ايران |
| 942 |
_2ddc _cBK |
||
| 999 |
_c49024 _d49024 |
||